[Event "DSOL 03 Liga Gr-A 1st"]
[Site "Playchess.com INT"]
[Date "2020.08.06"]
[Round "7.1"]
[White "Sander, Johann"]
[Black "Littke, Helmut"]
[Result "1/2-1/2"]
[WhiteElo "1929"]
[BlackElo "1952"]
[PlyCount "63"]
[EventDate "2020.06.22"]
[EventType "team-tourn (rapid)"]
[EventCountry "GER"]
[SourceTitle "EXT 2021"]
[Source "ChessBase"]
[SourceDate "2020.10.23"]
[SourceVersion "1"]
[SourceVersionDate "2020.10.23"]
[SourceQuality "1"]
[WhiteTeam "Hamburger SK III"]
[BlackTeam "Wismar ASV Gruen-Weiss"]
[WhiteTeamCountry "GER"]
[BlackTeamCountry "GER"]

1. c4 Nf6 2. Nc3 c5 3. g3 Nc6 4. Bg2 g6 5. d3 Bg7 6. e4 d6 7. Nge2 0-0 8. 0-0 e5 9. f4 Nd4 10. h3 Bd7 11. Be3 Ne8 12. Qd2 Nc7 13. Rab1 b5 14. Kh2 b4 15. Nd1 Nxe2 16. Qxe2 exf4 17. gxf4 Rb8 18. b3 f5 19. Qf2 Ne6 20. exf5 gxf5 21. Bd5 Kh8 22. Rg1 Qf6 23. Rb2 Be8 24. Qg3 Rg8 25. Rbg2 Bf7 26. Qf2 Rbe8 27. Bxe6 Bxe6 28. d4 cxd4 29. Rxg7 dxe3 30. Rxg8+ Bxg8 31. Nxe3 Qd4 32. Qg3 1/2-1/2

[Event "DSOL 03 Liga Gr-A 1st"]
[Site "Playchess.com INT"]
[Date "2020.07.23"]
[Round "5.1"]
[White "Serreck, Uwe"]
[Black "Littke, Helmut"]
[Result "1-0"]
[WhiteElo "1889"]
[BlackElo "1952"]
[PlyCount "79"]
[EventDate "2020.06.22"]
[EventType "team-tourn (rapid)"]
[EventCountry "GER"]
[SourceTitle "EXT 2021"]
[Source "ChessBase"]
[SourceDate "2020.10.23"]
[SourceVersion "1"]
[SourceVersionDate "2020.10.23"]
[SourceQuality "1"]
[WhiteTeam "Barsinghausen"]
[BlackTeam "Wismar ASV Gruen-Weiss"]
[WhiteTeamCountry "GER"]
[BlackTeamCountry "GER"]

1. e4 c5 2. b3 e5 3. Bb2 Nc6 4. Bc4 Nf6 5. d3 d6 6. Nc3 a6 7. a4 Na5 8. Nge2 Nxc4 9. bxc4 Be7 10. 0-0 0-0 11. f4 exf4 12. Nxf4 Bg4 13. Qd2 Nh5 14. Nxh5 Bxh5 15. Nd5 f6 16. Bc3 b6 17. Rab1 Rb8 18. Ba5 bxa5 19. Rxb8 Qxb8 20. Nxe7+ Kf7 21. Nc6 Qe8 22. Nxa5 Qxa4 23. Nb3 Kg8 24. Ra1 Qc6 25. Qa5 Ra8 26. Qa2 Bg4 27. h3 Be6 28. Na5 Qc7 29. Rb1 Bc8 30. Qa4 Bd7 31. Qa3 Rb8 32. Rxb8+ Qxb8 33. Qb3 Qb4 34. Qxb4 cxb4 35. Nb7 Ba4 36. Nxd6 Bxc2 37. c5 b3 38. c6 b2 39. c7 b1Q+ 40. Kh2 1-0

[Event "Mecklenburg VP Verbandsliga 1920"]
[Site "Mecklenburg VP"]
[Date "2020.03.01"]
[Round "7.3"]
[White "Kross, Gunnar"]
[Black "Littke, Helmut"]
[Result "1/2-1/2"]
[WhiteElo "2049"]
[BlackElo "2056"]
[PlyCount "20"]
[EventDate "2019.09.29"]
[EventType "team-tourn"]
[EventRounds "9"]
[EventCountry "GER"]
[SourceTitle "EXT 2023"]
[Source "ChessBase"]
[SourceDate "2022.10.05"]
[SourceVersion "1"]
[SourceVersionDate "2022.10.05"]
[SourceQuality "1"]
[WhiteTeam "Schwerin SF III"]
[BlackTeam "Wismar ASV Gruen-Weiss"]
[WhiteTeamCountry "GER"]
[BlackTeamCountry "GER"]

1. d4 Nf6 2. c4 e6 3. Nf3 d5 4. Nc3 Nbd7 5. cxd5 exd5 6. Bg5 c6 7. e3 Be7 8. Bd3 Ne4 9. Bxe4 Bxg5 10. Nxg5 Qxg5 1/2-1/2

[Event "Mecklenburg VP Verbandsliga 1920"]
[Site "Mecklenburg VP"]
[Date "2019.11.24"]
[Round "3.3"]
[White "Schulz, Daniel1111"]
[Black "Littke, Helmut"]
[Result "0-1"]
[WhiteElo "1817"]
[BlackElo "2056"]
[PlyCount "68"]
[EventDate "2019.09.29"]
[EventType "team-tourn"]
[EventRounds "9"]
[EventCountry "GER"]
[SourceTitle "EXT 2023"]
[Source "ChessBase"]
[SourceDate "2022.10.05"]
[SourceVersion "1"]
[SourceVersionDate "2022.10.05"]
[SourceQuality "1"]
[WhiteTeam "Neubrandenburg SG Eintracht"]
[BlackTeam "Wismar ASV Gruen-Weiss"]
[WhiteTeamCountry "GER"]
[BlackTeamCountry "GER"]

1. e4 c5 2. c3 Nf6 3. e5 Nd5 4. d4 cxd4 5. cxd4 e6 6. Nf3 Be7 7. Nc3 Nxc3 8. bxc3 0-0 9. Bd3 Nc6 10. 0-0 d6 11. Re1 dxe5 12. dxe5 b6 13. Qe2 Bb7 14. Rd1 Qc7 15. h4 g6 16. Bh6 Rfd8 17. h5 Rd5 18. hxg6 hxg6 19. Qc2 Kh7 20. Bf4 Rad8 21. a3 Qd7 22. Be2 Rxd1+ 23. Rxd1 Qc7 24. Bd3 Kg7 25. Qc1 Rd5 26. g3 Qd7 27. Qc2 Ba6 28. c4 Nd4 29. Nxd4 Rxd4 30. Be3 Rxd3 31. Qxd3 Qc6 32. Qd7 Qf3 33. Qd3 Bb7 34. Kf1 Qh1+ 0-1

[Event "RA-2019-0-00614"]
[Site "LSS email"]
[Date "2019.02.11"]
[Round "?"]
[White "Langeveld, Michel"]
[Black "Littke, Helmut"]
[Result "1-0"]
[WhiteElo "2155"]
[BlackElo "2387"]
[PlyCount "93"]
[EventDate "2018.12.24"]
[EventType "tourn (corr)"]
[EventRounds "6"]
[EventCountry "GER"]
[SourceTitle "Corr 2022"]
[Source "ChessBase"]
[SourceDate "2021.10.24"]
[SourceVersion "1"]
[SourceVersionDate "2021.10.24"]
[SourceQuality "1"]

1. e4 c5 2. Nf3 Nc6 3. d4 cxd4 4. Nxd4 e6 5. Nc3 Qc7 6. Ndb5 Qb8 7. Be3 Nf6 8. f4 a6 9. e5 axb5 10. exf6 b4 11. Nb5 b6 12. fxg7 Bxg7 13. Bd3 Ba6 14. 0-0 Bxb2 15. Rb1 Bg7 16. a4 bxa3 17. Nxa3 Qd6 18. Nb5 Bxb5 19. Bxb5 Bd4 20. Kh1 Bc5 21. Qxd6 Bxd6 22. Bxc6 dxc6 23. Rxb6 Rc8 24. Rd1 Ke7 25. g4 Rhd8 26. g5 Bc7 27. Rxd8 Bxd8 28. Rb7+ Kf8 29. Kg2 Kg7 30. h4 Kg6 31. Kf3 Rc7 32. Rb8 Rd7 33. Rc8 Kf5 34. Rxc6 f6 35. gxf6 Bxf6 36. h5 Bd4 37. Bxd4 Rxd4 38. Rc5+ Kf6 39. Ke3 Ra4 40. Rc7 Ra3+ 41. Kd4 Rf3 42. Rxh7 Rxf4+ 43. Kc5 Rf5+ 44. Kb4 e5 45. h6 e4 46. Rh8 Re5 47. Rg8 1-0

[Event "RA-2019-0-00614"]
[Site "LSS email"]
[Date "2019.02.11"]
[Round "?"]
[White "Littke, Helmut"]
[Black "Koronowski, Heinz Juergen"]
[Result "1/2-1/2"]
[WhiteElo "2387"]
[BlackElo "1990"]
[PlyCount "33"]
[EventDate "2018.12.24"]
[EventType "tourn (corr)"]
[EventRounds "6"]
[EventCountry "GER"]
[SourceTitle "Corr 2022"]
[Source "ChessBase"]
[SourceDate "2021.10.24"]
[SourceVersion "1"]
[SourceVersionDate "2021.10.24"]
[SourceQuality "1"]

1. d4 Nf6 2. c4 g6 3. Nc3 d5 4. cxd5 Nxd5 5. e4 Nxc3 6. bxc3 Bg7 7. Bc4 c5 8. Ne2 Nc6 9. Be3 0-0 10. 0-0 b6 11. dxc5 Qc7 12. Nd4 Ne5 13. Nb5 Qb8 14. Be2 bxc5 15. Rb1 a6 16. Nd4 Qc7 17. Nb3 1/2-1/2

[Event "RA-2018-0-00578"]
[Site "LSS email"]
[Date "2018.05.10"]
[Round "?"]
[White "Littke, Helmut"]
[Black "Corti, Horacio"]
[Result "1/2-1/2"]
[WhiteElo "2387"]
[BlackElo "2304"]
[PlyCount "49"]
[EventDate "2018.04.07"]
[EventType "tourn (corr)"]
[EventRounds "6"]
[EventCountry "GER"]
[SourceTitle "Corr 2022"]
[Source "ChessBase"]
[SourceDate "2021.10.24"]
[SourceVersion "1"]
[SourceVersionDate "2021.10.24"]
[SourceQuality "1"]

1. Nf3 Nf6 2. c4 e6 3. Nc3 c5 4. g3 d5 5. cxd5 Nxd5 6. Bg2 Nc6 7. 0-0 Be7 8. d4 0-0 9. e4 Nxc3 10. bxc3 cxd4 11. cxd4 Bf6 12. Bb2 b6 13. Qb1 Ba6 14. Rd1 Be2 15. Rd2 Bxf3 16. Bxf3 Rc8 17. Qd1 Qd7 18. Be2 Na5 19. e5 Bg5 20. Rd3 Nc4 21. Bc3 Qc7 22. Rb1 Be7 23. Bf3 Rfd8 24. Rb3 a5 25. Ba1 1/2-1/2

[Event "Mecklenburg VP VL 1718"]
[Site "Mecklenburg VP"]
[Date "2018.01.21"]
[Round "5.2"]
[White "Littke, Helmut"]
[Black "Dettmann, Gerd"]
[Result "0-1"]
[WhiteElo "1949"]
[BlackElo "2107"]
[PlyCount "73"]
[EventDate "2017.10.08"]
[EventType "team-tourn"]
[EventRounds "9"]
[EventCountry "GER"]
[SourceTitle "EXT 2022"]
[Source "ChessBase"]
[SourceDate "2021.10.06"]
[SourceVersion "1"]
[SourceVersionDate "2021.10.06"]
[SourceQuality "1"]
[WhiteTeam "Wismar ASV Gruen-Weiss"]
[BlackTeam "Guestrow/Teterow"]
[WhiteTeamCountry "GE2"]
[BlackTeamCountry "GER"]

1. Nf3 c5 2. c4 g6 3. g3 Bg7 4. Bg2 Nc6 5. 0-0 Nf6 6. d4 cxd4 7. Nxd4 0-0 8. e4 d6 9. Nxc6 bxc6 10. e5 dxe5 11. Qxd8 Rxd8 12. Bxc6 Bh3 13. Bg2 Bxg2 14. Kxg2 Ne4 15. Be3 f5 16. f3 Nd6 17. Nd2 e4 18. c5 exf3+ 19. Kxf3 Nb5 20. Nb3 Bxb2 21. Rad1 Kf7 22. c6 Ba3 23. Na5 Ke8 24. Nc4 Bd6 25. Rb1 Nc3 26. Rb7 Rac8 27. Rc1 Nd5 28. Bxa7 Rxc6 29. Nxd6+ Rcxd6 30. Rc4 R6d7 31. Rxd7 Kxd7 32. Bd4 Ra8 33. a4 Ra5 34. Bf2 e5 35. h4 e4+ 36. Kg2 h5 37. Be1 0-1

[Event "RA-2017-0-00528"]
[Site "LSS email"]
[Date "2017.07.26"]
[Round "?"]
[White "Littke, Helmut"]
[Black "Sacerdotali, Sergio"]
[Result "1/2-1/2"]
[WhiteElo "2387"]
[BlackElo "2170"]
[PlyCount "53"]
[EventDate "2017.06.20"]
[EventType "tourn (corr)"]
[EventRounds "6"]
[EventCountry "GER"]
[SourceTitle "Corr 2022"]
[Source "ChessBase"]
[SourceDate "2021.10.24"]
[SourceVersion "1"]
[SourceVersionDate "2021.10.24"]
[SourceQuality "1"]

1. c4 e5 2. Nc3 Nf6 3. Nf3 Nc6 4. g3 Bc5 5. Bg2 d6 6. 0-0 0-0 7. e3 Re8 8. d4 Bb6 9. dxe5 dxe5 10. Qxd8 Rxd8 11. b3 h6 12. h3 Ba5 13. Bb2 e4 14. Nd4 Nxd4 15. exd4 c6 16. Rfd1 Bf5 17. Rac1 Bb4 18. g4 Bg6 19. Ne2 Be7 20. Ng3 Re8 21. Nf1 h5 22. Ne3 Nd7 23. Rc2 hxg4 24. hxg4 Rad8 25. Rcd2 Bg5 26. Bc3 Nf6 27. Bh3 1/2-1/2

[Event "RA-2017-0-00528"]
[Site "LSS email"]
[Date "2017.07.25"]
[Round "?"]
[White "Littke, Helmut"]
[Black "Oliveira, Diogo"]
[Result "1/2-1/2"]
[WhiteElo "2387"]
[BlackElo "2182"]
[PlyCount "97"]
[EventDate "2017.06.20"]
[EventType "tourn (corr)"]
[EventRounds "6"]
[EventCountry "GER"]
[SourceTitle "Corr 2022"]
[Source "ChessBase"]
[SourceDate "2021.10.24"]
[SourceVersion "1"]
[SourceVersionDate "2021.10.24"]
[SourceQuality "1"]

1. c4 e6 2. d4 Nf6 3. Nf3 Bb4+ 4. Nbd2 b6 5. a3 Bxd2+ 6. Qxd2 Bb7 7. e3 0-0 8. Be2 d5 9. 0-0 dxc4 10. Bxc4 Qe7 11. Qe2 Nbd7 12. b4 c5 13. Bb2 Rfd8 14. Rfc1 a6 15. bxc5 bxc5 16. a4 Rdc8 17. Qd1 cxd4 18. Qxd4 h6 19. Be2 Rc5 20. Rxc5 Qxc5 21. Rc1 Qa5 22. Bc3 Qd8 23. Ne5 Nxe5 24. Qxe5 Rc8 25. Rb1 Be4 26. Rb2 a5 27. h3 Bc6 28. Ba6 Ra8 29. Bd4 Qd7 30. Bb5 Ne8 31. Qc5 Bxb5 32. Rxb5 Rc8 33. Qa7 Qxa7 34. Bxa7 Rc1+ 35. Kh2 Kh7 36. Rxa5 Rc2 37. f3 Nd6 38. h4 Ra2 39. Ra6 Nf5 40. Kh3 g5 41. hxg5 hxg5 42. g3 Re2 43. Ra5 Kg6 44. e4 Nd6 45. Re5 Nc4 46. Rc5 Ne3 47. Rc1 Nc2 48. Rf1 Nb4 49. Bc5 1/2-1/2